|
|
|
|
| LEADER |
01748nam a2200337 a 4500 |
| 001 |
GR-Antirio1014 |
| 008 |
140627s2004 xxu g 000 0 eng d |
| 020 |
|
|
|a 1587051176
|
| 020 |
|
|
|a 9781587051173
|
| 040 |
|
|
|a GrPaTEI
|b gre
|c GR-PaULI
|
| 040 |
|
|
|a GrPaTEI
|b gre
|c GR-PaULI
|
| 082 |
|
0 |
|a 005.8
|2 22
|
| 100 |
1 |
|
|a Kaeo, Merike
|
| 245 |
1 |
0 |
|a Designing network security /
|c Merike Kaeo.
|
| 250 |
|
|
|a 2nd ed.
|
| 260 |
|
|
|a Indianapolis IN :
|b Cisco Press,
|c 2004
|
| 300 |
|
|
|a xxiii, 745 σ. :
|b εικ.
|
| 490 |
0 |
|
|a Cisco press fundamentals series
|
| 500 |
|
|
|a A practical quide to creating a secure network infrastructure --Cover
|
| 504 |
|
|
|a Includes glossary and index
|
| 650 |
|
0 |
|a COMPUTER SECURITY
|
| 653 |
|
|
|a COMPUTER NETWORKS--SECURITY MEASURES
|
| 653 |
|
|
|a INTERNET--SECURITY MEASURES
|
| 710 |
0 |
|
|a Cisco Press
|
| 942 |
|
|
|2 ddc
|
| 952 |
|
|
|0 0
|1 0
|2 ddc
|4 0
|6 005_800000000000000_KAE
|7 0
|9 262713
|a LISK-2
|b LISK-2
|c BSC
|d 2021-01-17
|e 24
|f 0
|g 0.00
|l 0
|o 005.8 KAE
|p 2430000008214
|r 2021-01-17 00:00:00
|t 1
|w 2021-01-17
|y BK15
|x 20140627 0 ΧΑΣΑΝΗ 1
|x GrPaTEI - Antirrio
|
| 952 |
|
|
|0 0
|1 0
|2 ddc
|4 0
|6 005_800000000000000_KAE
|7 0
|9 262714
|a LISK-2
|b LISK-2
|c BSC
|d 2021-01-17
|e 24
|f 0
|g 0.00
|l 0
|o 005.8 KAE
|p 99243000008212
|r 2021-01-17 00:00:00
|t 1
|w 2021-01-17
|y BK15
|x GrPaTEI - Antirrio
|
| 952 |
|
|
|0 0
|1 0
|2 ddc
|4 0
|6 005_800000000000000_KAE
|7 0
|9 262715
|a LISK-2
|b LISK-2
|c BSC
|d 2021-01-17
|e 24
|f 0
|g 0.00
|l 0
|o 005.8 KAE
|p 99243000008213
|r 2021-01-17 00:00:00
|t 1
|w 2021-01-17
|y BK15
|x GrPaTEI - Antirrio
|
| 952 |
|
|
|0 0
|1 0
|2 ddc
|4 0
|6 005_800000000000000_KAE
|7 0
|9 262716
|a LISK-2
|b LISK-2
|c BSC
|d 2021-01-17
|e 24
|f 0
|g 0.00
|l 0
|o 005.8 KAE
|p 99243000008215
|r 2021-01-17 00:00:00
|t 1
|w 2021-01-17
|y BK15
|x GrPaTEI - Antirrio
|
| 971 |
|
|
|a .b25708132
|b 15-04-20
|c 12-09-16
|
| 999 |
|
|
|c 151370
|d 151370
|